His Highness the Prince of Oranges letter to the States-General of the United Provinces : as also that of one of the States-Depvties in the army, giving an account of the fight that happened the 14th instant, between his Highness army, and that of the Duke of Luxemburg, and of the advantage obtained by His Highness in it : translated.

Bibliographic Details
Main Author: William III, King of England, 1650-1702
Corporate Authors: England and Wales. Sovereign (1694-1702 : William III), United Provinces of the Netherlands. Staten Generaal
Format: Microform Book
Language:English
Series:Early English books, 1641-1700 ; 951:17.
Subjects:

MARC

Tag First Indicator Second Indicator Subfields
LEADER 00000cam a2200000 a 4500
001 in00000962821
005 20150926134529.0
007 hd afv|||baca
008 850909s1678 miu a 00010 eng d
035 |a (OCoLC)12529523 
035 |9 AEU1785AM 
037 |a CL0037000030  |b UMI 
037 |b University Microfilms International, 300 N. Zeeb Rd., Ann Arbor, MI 48106 
040 |a EAA  |c EAA  |d m/c  |d UtOrBLW 
041 1 |a eng  |h dut 
043 |a e-uk--- 
049 |a TXAI 
099 |a film   |a  B   |a  3609 
100 0 |a William  |b III,  |c King of England,  |d 1650-1702. 
245 1 0 |a His Highness the Prince of Oranges letter to the States-General of the United Provinces :  |b as also that of one of the States-Depvties in the army, giving an account of the fight that happened the 14th instant, between his Highness army, and that of the Duke of Luxemburg, and of the advantage obtained by His Highness in it : translated. 
264 3 |a In the Savoy [London] :  |b Printed by Thomas Newcomb,  |c 1678. 
300 |a 2 unnumbered pages, 4 pages, 1 unnumbered page 
336 |a text  |b txt  |2 rdacontent 
337 |a microform  |b h  |2 rdamedia 
338 |a microfilm reel  |b hd  |2 rdacarrier 
500 |a Reproduction of original in Huntington Library. 
510 4 |a Wing  |c W2367 
533 |a Microfilm.  |b Ann Arbor, Mich. :  |c University Microfilms International,  |d 1979.  |e 1 microfilm reel ; 35 mm.  |f (Early English books, 1641-1700 ; 951:17) 
500 |a Microform. 
650 0 |a Dutch War, 1672-1678. 
651 0 |a Great Britain  |x History  |y Restoration, 1660-1688. 
710 1 |a England and Wales.  |b Sovereign (1694-1702 : William III) 
710 1 |a United Provinces of the Netherlands.  |b Staten Generaal. 
830 0 |a Early English books, 1641-1700 ;  |v 951:17. 
999 |a MARS 
999 f f |s 4ce6c1db-aac3-364c-86bb-80a1c98fc6e6  |i 4f1c5710-c7de-3ea2-91ac-3ff64fba92e2  |t 0 
952 f f |p default  |a Texas A&M University  |b College Station  |c Sterling C. Evans Library  |d Evans: Microforms (3rd floor)  |t 0  |e film B 3609 951:17  |h Other scheme  |i microform -- microfilm reel 
998 f f |a film B 3609 951:17  |t 0  |l Evans: Microforms (3rd floor)